000 00359nam a22001217a 4500
008 230602b xxu||||| |||| 00| 0 eng d
082 _a155.933
_bKEC
100 _cWainainah Kiganya
_d2010
245 _aTowards Healing and Tranformation
_bLenten Campaign 2010
260 _bKEC- Catholic Justice and Peace Commission
_aNairobi
300 _a31 p
942 _2ddc
_cBK
999 _c119
_d119